000 00450nam a22001817a 4500
003 MPLRDC
005 20220104143647.0
008 210129b ||||| |||| 00| 0 eng d
020 _a7-5017-4798-9
082 _a494 CMX
100 _a程秀美
245 _a孙子"十胜"思想与现代企业制胜
_c
250 _a一版一刷
260 _a
_b中国经济出版社
_c2000
300 _b
650 _a企业管理
942 _cBK
_o494 CMX
999 _c42088
_d42078